[Event "South America-ch U16 13th"]
[Site "Santiago de Chile"]
[Date "2016.12.02"]
[Round "2"]
[White "Cevasco Balcazar, Leonardo Giova"]
[Black "Meza Alarcon, Jose Sebastian"]
[Result "0-1"]
[WhiteElo "1649"]
[BlackElo "1506"]
[PlyCount "82"]
[EventDate "2016.12.01"]
[EventType "swiss"]
[EventRounds "9"]
[EventCountry "CHI"]
[SourceTitle "EXT 2018"]
[Source "ChessBase"]
[SourceDate "2017.10.13"]
[SourceVersion "1"]
[SourceVersionDate "2017.10.13"]
[SourceQuality "1"]

1. d4 Nf6 2. c4 c5 3. d5 b5 4. cxb5 a6 5. Nc3 axb5 6. Nxb5 d6 7. Nf3 g6 8. Nc3 Bg7 9. e4 Nbd7 10. h3 0-0 11. Be2 Ba6 12. 0-0 Bxe2 13. Qxe2 Qa5 14. Nd2 Rfb8 15. f4 Nh5 16. Nc4 Qa6 17. Re1 Rb4 18. Na3 Qxe2 19. Rxe2 Ng3 20. Re1 Bxc3 21. bxc3 Rxe4 22. Rxe4 Nxe4 23. Nb5 Nb6 24. Nc7 Ra7 25. Rb1 Rxc7 26. Rxb6 f6 27. c4 Nc3 28. Rb2 Ra7 29. a3 Kf7 30. Rc2 Na4 31. Re2 Rb7 32. Kf2 Rb1 33. Re1 Rb3 34. Re3 Rb1 35. Re1 Nb6 36. Bd2 Rb2 37. Re2 Nxc4 38. Bc1 Rb1 39. Rc2 Nb6 40. Rb2 Rxb2+ 41. Bxb2 Nxd5 0-1

[Event "CHI BioBio Region-ch U18"]
[Site "Los Angeles"]
[Date "2015.07.21"]
[Round "4.3"]
[White "Alvarez Navarrete, Omar Lorenzo"]
[Black "Meza Alarcon, Jose Sebastian"]
[Result "0-1"]
[WhiteElo "1157"]
[BlackElo "1344"]
[PlyCount "78"]
[EventDate "2015.07.20"]
[EventType "tourn"]
[EventRounds "9"]
[EventCountry "CHI"]
[SourceTitle "EXT 2024"]
[Source "ChessBase"]
[SourceDate "2023.10.10"]
[SourceVersion "1"]
[SourceVersionDate "2023.10.10"]
[SourceQuality "1"]

1. e4 c5 2. c3 Nc6 3. d4 cxd4 4. cxd4 d5 5. exd5 Qxd5 6. Nf3 e5 7. Nc3 Bb4 8. dxe5 Bxc3+ 9. bxc3 Qxd1+ 10. Kxd1 Bg4 11. Be2 Nge7 12. Ba3 0-0 13. Kc2 Rfd8 14. h3 Bxf3 15. Bxf3 Rac8 16. Rhd1 Nd4+ 17. Kb2 Nxf3 18. Bxe7 Rxd1 19. Rxd1 Nxe5 20. Rd8+ Rxd8 21. Bxd8 Nd3+ 22. Kb3 Nxf2 23. a4 f5 24. Bg5 Ne4 25. Be3 a6 26. c4 Kf7 27. Kb4 Ke7 28. Ka5 Kd7 29. Kb6 Kc8 30. g4 fxg4 31. hxg4 g6 32. c5 Nf6 33. g5 Nd5+ 34. Ka5 Nxe3 35. Kb6 Nd5+ 36. Ka5 Nc3 37. Kb4 Nxa4 38. Kxa4 Kc7 39. Kb4 Kc6 0-1

[Event "CHI BioBio Region-ch U18"]
[Site "Los Angeles"]
[Date "2015.07.20"]
[Round "3.4"]
[White "Meza Alarcon, Jose Sebastian"]
[Black "Molina Gallardo, Nicolas"]
[Result "1-0"]
[WhiteElo "1344"]
[BlackElo "1395"]
[PlyCount "63"]
[EventDate "2015.07.20"]
[EventType "tourn"]
[EventRounds "9"]
[EventCountry "CHI"]
[SourceTitle "EXT 2024"]
[Source "ChessBase"]
[SourceDate "2023.10.10"]
[SourceVersion "1"]
[SourceVersionDate "2023.10.10"]
[SourceQuality "1"]

1. Nf3 Nf6 2. d4 g6 3. e3 d6 4. Bd3 Bg7 5. 0-0 Bg4 6. h3 Be6 7. Nbd2 Na6 8. c3 c5 9. Bxa6 bxa6 10. Qa4+ Bd7 11. Qxa6 Qb8 12. Qa3 cxd4 13. exd4 Be6 14. Ng5 Bd7 15. Re1 e6 16. Nc4 Bf8 17. Qb3 Qxb3 18. axb3 Bc6 19. Bf4 h6 20. Nf3 Ne4 21. Na5 Ng5 22. Nxc6 Nxf3+ 23. gxf3 g5 24. Bg3 a6 25. Nb4 a5 26. Nc6 Kd7 27. Nxa5 d5 28. Nc4 Rxa1 29. Ne5+ Ke7 30. Rxa1 Bg7 31. Ra7+ Kf6 32. Rxf7# 1-0